A grammar of Biblical Aramaic / (Record no. 124875)
[ view plain ]
| 000 -LEADER | |
|---|---|
| fixed length control field | 00898cam a2200301ui 4500 |
| 001 - CONTROL NUMBER | |
| control field | 4423524 |
| 003 - CONTROL NUMBER IDENTIFIER | |
| control field | ARRUPE |
| 005 - DATE AND TIME OF LATEST TRANSACTION | |
| control field | 20160810101513.0 |
| 008 - FIXED-LENGTH DATA ELEMENTS--GENERAL INFORMATION | |
| fixed length control field | 750716s1961 gw b 000 0 eng u |
| 010 ## - LIBRARY OF CONGRESS CONTROL NUMBER | |
| LC control number | 62051552 |
| 035 ## - SYSTEM CONTROL NUMBER | |
| System control number | (OCoLC)1452397 |
| 035 ## - SYSTEM CONTROL NUMBER | |
| System control number | (OCoLC)ocm01452397 |
| 035 ## - SYSTEM CONTROL NUMBER | |
| System control number | (NNC)4423524 |
| 040 ## - CATALOGING SOURCE | |
| Transcribing agency | MCW |
| Modifying agency | NNUT |
| -- | CStRLIN |
| 041 0# - LANGUAGE CODE | |
| Language code of text/sound track or separate title | engarc |
| 050 ## - LIBRARY OF CONGRESS CALL NUMBER | |
| Classification number | PJ5213 |
| Item number | .R65 |
| 090 ## - LOCALLY ASSIGNED LC-TYPE CALL NUMBER (OCLC); LOCAL CALL NUMBER (OCLC) | |
| Classification number (OCLC) (R) ; Classification number, CALL (RLIN) (NR) | PJ5213 |
| Local cutter number (OCLC) ; Book number/undivided call number, CALL (RLIN) | .R65 |
| 300 ## - PHYSICAL DESCRIPTION | |
| Dimensions | 24 cm. |
| 100 1# - MAIN ENTRY--PERSONAL NAME | |
| Personal name | Rosenthal, Franz, |
| Dates associated with a name | 1914-2003. |
| 9 (RLIN) | 24673 |
| 245 12 - TITLE STATEMENT | |
| Title | A grammar of Biblical Aramaic / |
| Statement of responsibility, etc | by Franz Rosenthal. |
| 260 ## - PUBLICATION, DISTRIBUTION, ETC. (IMPRINT) | |
| Place of publication, distribution, etc | Wiesbaden : |
| Name of publisher, distributor, etc | O. Harrassowitz, |
| Date of publication, distribution, etc | 1961. |
| 300 ## - PHYSICAL DESCRIPTION | |
| Extent | x, 99 p. ; |
| 490 1# - SERIES STATEMENT | |
| Series statement | Porta linguarum orientalium ; |
| Volume number/sequential designation | neue Serie, 5 |
| 504 ## - BIBLIOGRAPHY, ETC. NOTE | |
| Bibliography, etc | Bibliography: p. [72]-75. |
| 650 #0 - SUBJECT ADDED ENTRY--TOPICAL TERM | |
| Topical term or geographic name as entry element | Aramaic language |
| General subdivision | Grammar. |
| 9 (RLIN) | 24674 |
| 830 #0 - SERIES ADDED ENTRY--UNIFORM TITLE | |
| Uniform title | Porta linguarum orientalium ; |
| Volume number/sequential designation | neue Serie, 5. |
| 9 (RLIN) | 24675 |
| 942 ## - ADDED ENTRY ELEMENTS (KOHA) | |
| Source of classification or shelving scheme | Library of Congress Classification |
| Koha item type | Monograph ( Printed materials) |
| Withdrawn status | Lost status | Source of classification or shelving scheme | Damaged status | Not for loan | Collection code | Home library | Current library | Shelving location | Date acquired | Total Checkouts | Full call number | Barcode | Date last seen | Price effective from | Koha item type |
|---|---|---|---|---|---|---|---|---|---|---|---|---|---|---|---|
| Library of Congress Classification | Main Collection | ARRUPE LIBRARY | ARRUPE LIBRARY | Main Collection | 10/08/2016 | PJ5213 .R65 | 46500009456 | 27/02/2019 | 10/08/2016 | Monograph ( Printed materials) |